[Event "Chigorin Memorial 27th"]
[Site "St Petersburg"]
[Date "2019.10.11"]
[Round "7"]
[White "Klevets, Ksenia"]
[Black "Rudikov, Dmitry"]
[Result "0-1"]
[WhiteElo "1842"]
[BlackElo "2085"]
[PlyCount "114"]
[EventDate "2019.10.05"]
[EventType "swiss"]
[EventRounds "9"]
[EventCountry "RUS"]
[SourceTitle "EXT 2021"]
[Source "ChessBase"]
[SourceDate "2020.10.23"]
[SourceVersion "1"]
[SourceVersionDate "2020.10.23"]
[SourceQuality "1"]

1. e4 c5 2. Nf3 Nf6 3. Nc3 d6 4. d4 cxd4 5. Nxd4 a6 6. Be2 e5 7. Nb3 Be6 8. Bg5 Nbd7 9. 0-0 Be7 10. Be3 0-0 11. f3 b5 12. a3 Rc8 13. Qd2 Nb6 14. Rfd1 Qc7 15. Rac1 Nc4 16. Bxc4 bxc4 17. Na1 Rfd8 18. Nd5 Nxd5 19. exd5 Bf5 20. b4 Qd7 21. c3 Bg6 22. Nc2 Re8 23. Ne1 h6 24. a4 Qxa4 25. Ra1 Qb5 26. Ra5 Qb7 27. Qa2 Ra8 28. Qxc4 Rec8 29. Qb3 Bd8 30. Ra3 Bb6 31. Bxb6 Qxb6+ 32. Kh1 Qf2 33. h3 e4 34. Kh2 Bh5 35. c4 exf3 36. Nxf3 Bxf3 37. Qxf3 Qxf3 38. gxf3 Rxc4 39. Rda1 Rxb4 40. Rxa6 Rxa6 41. Rxa6 Rf4 42. Rxd6 Rxf3 43. Rd8+ Kh7 44. Rd6 Rd3 45. Kg2 g6 46. Rd7 Kg7 47. Rd6 Kf8 48. Rd7 Ke8 49. Ra7 Rxd5 50. Kg3 Rd3+ 51. Kg4 f5+ 52. Kf4 Rxh3 53. Rg7 Rh4+ 54. Ke5 Rg4 55. Ke6 Kf8 56. Kf6 h5 57. Rd7 Ke8 0-1

[Event "Chigorin Memorial 27th"]
[Site "St Petersburg"]
[Date "2019.10.05"]
[Round "1"]
[White "Rudikov, Dmitry"]
[Black "Mirzoyan, Samvel1"]
[Result "1-0"]
[WhiteElo "2085"]
[BlackElo "1203"]
[PlyCount "75"]
[EventDate "2019.10.05"]
[EventType "swiss"]
[EventRounds "9"]
[EventCountry "RUS"]
[SourceTitle "EXT 2020"]
[Source "ChessBase"]
[SourceDate "2019.10.17"]
[SourceVersion "1"]
[SourceVersionDate "2019.10.17"]
[SourceQuality "1"]

1. d4 Nf6 2. c4 c5 3. d5 b5 4. cxb5 a6 5. bxa6 Bxa6 6. Nc3 d6 7. Nf3 g6 8. e4 Bxf1 9. Kxf1 Bg7 10. g3 0-0 11. Kg2 Nbd7 12. h3 Qa5 13. Re1 Rfb8 14. Re2 Ne8 15. Rc2 Nc7 16. Bg5 Nf6 17. Qe2 Qa6 18. Rd1 Qxe2 19. Rxe2 Nb5 20. e5 dxe5 21. Rxe5 Nxc3 22. bxc3 h6 23. Be3 Rxa2 24. Rxe7 Rd8 25. c4 Rc2 26. Ne5 Rf8 27. d6 Rb2 28. d7 Rbb8 29. Nc6 Nxd7 30. Rexd7 Ra8 31. Ne7+ Kh7 32. Bxc5 Rfe8 33. Nd5 Re6 34. Rxf7 Rd8 35. Bd4 Rg8 36. Nf6+ Rxf6 37. Bxf6 Kh8 38. Rdd7 1-0

[Event "St Petersburg Korchnoi Memorial op"]
[Site "St Petersburg"]
[Date "2019.08.22"]
[Round "9"]
[White "Alekseenko, Mariya"]
[Black "Rudikov, Dmitry"]
[Result "0-1"]
[WhiteElo "1848"]
[BlackElo "2109"]
[PlyCount "94"]
[EventDate "2019.08.14"]
[EventType "swiss"]
[EventRounds "9"]
[EventCountry "RUS"]
[SourceTitle "CBM 192"]
[Source "ChessBase"]
[SourceDate "2019.10.31"]
[SourceVersion "1"]
[SourceVersionDate "2019.10.31"]
[SourceQuality "1"]

1. Nf3 d5 2. g3 Nf6 3. Bg2 Bf5 4. 0-0 e6 5. d3 Be7 6. Nbd2 h6 7. b3 0-0 8. Bb2 Nbd7 9. c4 c6 10. Qc2 Bh7 11. Rad1 a5 12. a3 Qb6 13. e4 Rfd8 14. Qc3 Rac8 15. h3 Qa6 16. e5 Ne8 17. d4 Nc7 18. Nh2 dxc4 19. bxc4 b5 20. c5 Nd5 21. Qf3 Ra8 22. Ne4 b4 23. Rfe1 Qc4 24. Rd2 bxa3 25. Bxa3 Rdb8 26. Bf1 Qa4 27. Bc1 Rb3 28. Rd3 Rxd3 29. Qxd3 Nb4 30. Qc4 Qc2 31. Nd6 Bxd6 32. exd6 Qxc4 33. Bxc4 Nc2 34. Rd1 a4 35. Bb2 a3 36. Ba1 Be4 37. Ng4 Bf3 38. Rc1 Nxa1 39. Ne3 e5 40. dxe5 Nxe5 41. Rxa1 Kf8 42. Bb3 Nd3 43. Bc2 Nxc5 44. Nc4 a2 45. Nb6 Ra6 46. Nc4 Bd5 47. Ne5 Be4 0-1

[Event "Chigorin Memorial 26th"]
[Site "St Petersburg"]
[Date "2018.10.30"]
[Round "4"]
[White "Pradeep, Pandya"]
[Black "Rudikov, Dmitry"]
[Result "0-1"]
[WhiteElo "1537"]
[BlackElo "1990"]
[PlyCount "120"]
[EventDate "2018.10.27"]
[EventType "swiss"]
[EventRounds "9"]
[EventCountry "RUS"]
[SourceTitle "CBM 187 Extra"]
[Source "ChessBase"]
[SourceDate "2018.11.04"]
[SourceVersion "1"]
[SourceVersionDate "2018.11.04"]
[SourceQuality "1"]

1. d4 Nf6 2. c4 c5 3. d5 b5 4. Nf3 g6 5. Qc2 Bg7 6. e4 d6 7. Nc3 a6 8. cxb5 0-0 9. Be2 axb5 10. Bxb5 Qa5 11. 0-0 Ba6 12. Bxa6 Nxa6 13. Bd2 Nb4 14. Qb1 Qa6 15. a3 Nd3 16. a4 c4 17. Ne1 Nc5 18. Be3 Nb3 19. Ra3 Ng4 20. Bf4 Be5 21. Bxe5 Nxe5 22. Qd1 f5 23. exf5 Rxf5 24. f4 Qb6+ 25. Kh1 Raf8 26. g3 h5 27. Ng2 Ng4 28. Ne4 Qb7 29. Nc3 Nc5 30. h3 Nh6 31. Ne3 Qxb2 32. Qa1 Qb4 33. Rb1 Nb3 34. Qb2 Qc5 35. Nxf5 Nxf5 36. Rg1 Qe3 37. Ne2 h4 38. Ra2 hxg3 39. Qc3 Qe4+ 40. Rg2 Nh4 41. Qxg3 Nxg2 42. Qxg2 Qb1+ 43. Kh2 Kh7 44. Nc3 Qd3 45. Ne4 Rxf4 46. Ng5+ Kg8 47. Re2 Qf5 48. Ne6 Rf3 49. Ng5 Qf4+ 50. Kg1 Rg3 51. Ne6 Rxg2+ 52. Rxg2 Qf6 53. Rf2 Qa1+ 54. Rf1 Qe5 55. Rf8+ Kh7 56. Rf7+ Kh6 57. Nf8 Qxd5 58. Rh7+ Kg5 59. Rxe7 Nd4 60. Nh7+ Kh4 0-1

[Event "Chigorin Memorial 26th"]
[Site "St Petersburg"]
[Date "2018.10.29"]
[Round "3"]
[White "Rudikov, Dmitry"]
[Black "Ageichenko, Genadi A"]
[Result "0-1"]
[WhiteElo "1990"]
[BlackElo "2225"]
[PlyCount "96"]
[EventDate "2018.10.27"]
[EventType "swiss"]
[EventRounds "9"]
[EventCountry "RUS"]
[SourceTitle "CBM 187 Extra"]
[Source "ChessBase"]
[SourceDate "2018.11.04"]
[SourceVersion "1"]
[SourceVersionDate "2018.11.04"]
[SourceQuality "1"]

1. d4 Nf6 2. c4 e6 3. g3 Bb4+ 4. Bd2 Qe7 5. Bg2 Nc6 6. Nf3 Bxd2+ 7. Qxd2 Ne4 8. Qc2 Qb4+ 9. Nc3 Nxc3 10. Qxc3 Qxc3+ 11. bxc3 Rb8 12. Nd2 Na5 13. 0-0 b6 14. Be4 Ba6 15. Bd3 Ke7 16. Rab1 Rhc8 17. Rb4 d5 18. cxd5 Bxd3 19. exd3 exd5 20. Nb3 Nxb3 21. Re1+ Kd6 22. Rxb3 c5 23. dxc5+ Rxc5 24. c4 Rbc8 25. Ra3 R8c7 26. cxd5 Rxd5 27. Re8 Rf5 28. Rd8+ Ke7 29. Rd4 a5 30. Rb3 b5 31. Rb1 Re5 32. f4 Re2 33. Re4+ Rxe4 34. dxe4 b4 35. Rb2 Rc4 36. e5 Ke6 37. Kf2 Rc3 38. Rd2 h5 39. Rd6+ Ke7 40. Rd2 g6 41. h3 h4 42. gxh4 Rxh3 43. Kg2 Ra3 44. Rc2 Ke6 45. Rc6+ Kf5 46. Rf6+ Kg4 47. Rxf7 Rxa2+ 48. Kf1 b3 0-1

[Event "St Petersburg Korchnoi Memorial op"]
[Site "St Petersburg"]
[Date "2018.08.21"]
[Round "7"]
[White "Rudikov, Dmitry"]
[Black "Mochalin, Faddey"]
[Result "1-0"]
[WhiteElo "2105"]
[BlackElo "1944"]
[PlyCount "45"]
[EventDate "2018.08.15"]
[EventType "swiss"]
[EventRounds "9"]
[EventCountry "RUS"]
[SourceTitle "CBM 186 Extra"]
[Source "ChessBase"]
[SourceDate "2018.08.24"]
[SourceVersion "1"]
[SourceVersionDate "2018.08.24"]
[SourceQuality "1"]

1. c4 c6 2. e4 d5 3. exd5 cxd5 4. cxd5 Nf6 5. Bb5+ Bd7 6. Bc4 b5 7. Bb3 Bg4 8. Nf3 Na6 9. 0-0 Nxd5 10. Nc3 Nxc3 11. Ne5 Nd5 12. Qxg4 Qd6 13. Qf3 Qxe5 14. Bxd5 Rb8 15. Bxf7+ Kd7 16. d4 Qf6 17. Qd5+ Qd6 18. Qe4 Qf6 19. Bf4 Nc7 20. Rac1 Rc8 21. Bxc7 Rxc7 22. Qd5+ Kc8 23. Qa8+ 1-0

[Event "St Petersburg Korchnoi Memorial op"]
[Site "St Petersburg"]
[Date "2018.08.17"]
[Round "3"]
[White "Rudikov, Dmitry"]
[Black "Chyndygyr, Tamerlan"]
[Result "0-1"]
[WhiteElo "2105"]
[BlackElo "1847"]
[PlyCount "70"]
[EventDate "2018.08.15"]
[EventType "swiss"]
[EventRounds "9"]
[EventCountry "RUS"]
[SourceTitle "CBM 186 Extra"]
[Source "ChessBase"]
[SourceDate "2018.08.24"]
[SourceVersion "1"]
[SourceVersionDate "2018.08.24"]
[SourceQuality "1"]

1. d4 d6 2. Nf3 Nf6 3. c4 Nbd7 4. Nc3 e5 5. e4 Be7 6. Be2 0-0 7. 0-0 c6 8. b3 a6 9. Bb2 b5 10. cxb5 cxb5 11. Nd5 Nxd5 12. exd5 e4 13. Nd2 Nf6 14. Qb1 Bf5 15. Bf3 exf3 16. Qxf5 fxg2 17. Rfc1 Re8 18. Rc6 Bf8 19. Rac1 Re2 20. Rc8 Rxc8 21. Rxc8 Qe7 22. Bc3 Rxd2 23. Bxd2 Qe2 24. Kxg2 Qxd2 25. Ra8 Qxd4 26. Rxa6 Nxd5 27. Ra8 Nf4+ 28. Kf3 Ne6 29. a4 Qc3+ 30. Kg2 bxa4 31. bxa4 Qc6+ 32. Qf3 d5 33. Ra7 Ng5 34. Qf4 d4+ 35. Kf1 Qc4+ 0-1

[Event "Chigorin Memorial 25th"]
[Site "St Petersburg"]
[Date "2017.10.29"]
[Round "9"]
[White "Rudikov, Dmitry"]
[Black "Patel, Palak"]
[Result "1-0"]
[WhiteElo "1943"]
[BlackElo "1741"]
[PlyCount "105"]
[EventDate "2017.10.21"]
[EventType "swiss"]
[EventRounds "9"]
[EventCountry "RUS"]
[SourceTitle "CBM 181 Extra"]
[Source "ChessBase"]
[SourceDate "2017.12.12"]
[SourceVersion "1"]
[SourceVersionDate "2017.12.12"]
[SourceQuality "1"]

1. d4 d5 2. c4 c6 3. cxd5 cxd5 4. Bf4 Nc6 5. e3 e6 6. Nc3 Nf6 7. Bd3 Bd6 8. Bxd6 Qxd6 9. f4 a6 10. Nf3 Qb4 11. Qd2 Na5 12. Ne5 Nd7 13. 0-0 f5 14. g4 Nxe5 15. dxe5 d4 16. exd4 Qxd4+ 17. Rf2 0-0 18. gxf5 exf5 19. Rd1 Kh8 20. Bf1 Qa7 21. Qd8 Qc5 22. Qd6 Qxd6 23. Rxd6 Nc6 24. Rfd2 g5 25. Bg2 gxf4 26. Bxc6 bxc6 27. Na4 Re8 28. Rd8 Be6 29. Rxa8 Rxa8 30. Rd6 Bxa2 31. Rxc6 Re8 32. Rc5 Kg7 33. Kf2 Kg6 34. Kf3 Kg5 35. h4+ Kxh4 36. Kxf4 Bb1 37. Rc1 Be4 38. Nc3 Rc8 39. Re1 Kh5 40. Nxe4 fxe4 41. Kf5 Kh6 42. Kf6 Rf8+ 43. Ke7 Rf2 44. b4 Kg6 45. Rxe4 Kf5 46. Re1 Rb2 47. e6 Rxb4 48. Rf1+ Ke5 49. Kf7 Rb7+ 50. e7 Kd6 51. Rf6+ Ke5 52. Rxa6 h5 53. Rh6 1-0

[Event "St Petersburg Summer op"]
[Site "St Petersburg"]
[Date "2017.08.18"]
[Round "3"]
[White "Rudikov, Dmitry"]
[Black "Egorov, Daniil"]
[Result "0-1"]
[WhiteElo "1818"]
[BlackElo "2112"]
[PlyCount "94"]
[EventDate "2017.08.16"]
[EventType "swiss"]
[EventRounds "9"]
[EventCountry "RUS"]
[SourceTitle "CBM 180 Extra"]
[Source "ChessBase"]
[SourceDate "2017.10.06"]
[SourceVersion "1"]
[SourceVersionDate "2017.10.06"]
[SourceQuality "1"]

1. d4 Nf6 2. c4 g6 3. Nc3 Bg7 4. e4 d6 5. Nf3 0-0 6. Be2 e5 7. d5 a5 8. Bg5 h6 9. Bh4 Na6 10. Nd2 Qe8 11. 0-0 Bd7 12. b3 Nh7 13. a3 h5 14. f3 Bh6 15. Kh1 Be3 16. Rb1 Kh8 17. b4 axb4 18. axb4 f5 19. exf5 gxf5 20. f4 exf4 21. Bxh5 Qe5 22. Ne2 Rg8 23. Bf2 Qg7 24. g3 Nf6 25. Bf3 fxg3 26. hxg3 f4 27. Kg2 Qg6 28. Rh1+ Kg7 29. Bxe3 fxe3 30. Nf4 Qf5 31. Nf1 Kf7 32. Rb2 Qxf4 33. Bh5+ Kf8 34. Re2 Nxh5 35. Rxe3 Nf6 36. Qa1 Qg5 37. b5 Bf5 38. Kg1 Re8 39. Rf3 Nc5 40. Rh2 Nce4 41. b6 cxb6 42. Rg2 Ke7 43. Qa7 Nd7 44. Re2 Ndc5 45. Qxb6 Bg4 46. Qc7+ Bd7 47. Rf4 Qxf4 0-1

[Event "St Petersburg Summer op"]
[Site "St Petersburg"]
[Date "2017.08.17"]
[Round "2"]
[White "Mishin, Alexei"]
[Black "Rudikov, Dmitry"]
[Result "1-0"]
[WhiteElo "2278"]
[BlackElo "1818"]
[PlyCount "45"]
[EventDate "2017.08.16"]
[EventType "swiss"]
[EventRounds "9"]
[EventCountry "RUS"]
[SourceTitle "CBM 180 Extra"]
[Source "ChessBase"]
[SourceDate "2017.10.06"]
[SourceVersion "1"]
[SourceVersionDate "2017.10.06"]
[SourceQuality "1"]

1. e4 e5 2. Nf3 Nc6 3. Bc4 Bc5 4. b4 Bb6 5. b5 Na5 6. Be2 d6 7. 0-0 Nf6 8. Nc3 0-0 9. d3 h6 10. Na4 c6 11. Nxb6 axb6 12. a4 Re8 13. Bb2 Qc7 14. Nh4 d5 15. f4 dxe4 16. fxe5 exd3 17. Qxd3 Ng4 18. Qe4 Qe7 19. Bd3 Qxh4 20. Qh7+ Kf8 21. h3 Ne3 22. e6 f6 23. Bxf6 1-0

[Event "Chigorin Memorial 24th"]
[Site "St Petersburg"]
[Date "2016.10.19"]
[Round "5"]
[White "Rudikov, Dmitry"]
[Black "Tikholiz, Sergei"]
[Result "1-0"]
[WhiteElo "1823"]
[BlackElo "1522"]
[PlyCount "61"]
[EventDate "2016.10.15"]
[EventType "swiss"]
[EventRounds "9"]
[EventCountry "RUS"]
[SourceTitle "CBM 175 Extra"]
[Source "ChessBase"]
[SourceDate "2016.12.12"]
[SourceVersion "1"]
[SourceVersionDate "2016.12.12"]
[SourceQuality "1"]

1. d4 Nf6 2. c4 c5 3. d5 b5 4. cxb5 a6 5. bxa6 Bxa6 6. Nc3 g6 7. Nf3 d6 8. e4 Bxf1 9. Kxf1 Bg7 10. g3 0-0 11. Kg2 Nbd7 12. h3 Qa5 13. Re1 Rfb8 14. Re2 Ne8 15. Rc2 Nc7 16. Bg5 Kf8 17. Qc1 Nb6 18. Bh6 Na6 19. Qf4 Bxh6 20. Qxh6+ Ke8 21. Qxh7 Nb4 22. Re2 Nc4 23. e5 dxe5 24. Nxe5 Nxe5 25. Rxe5 Nd3 26. Re3 Nxb2 27. Rae1 Rb7 28. Qg8+ Kd7 29. Rxe7+ Kd6 30. R1e6+ fxe6 31. Qxe6# 1-0

[Event "Chigorin Memorial 24th"]
[Site "St Petersburg"]
[Date "2016.10.15"]
[Round "1"]
[White "Rudikov, Dmitry"]
[Black "Shchukin, Dmitry"]
[Result "0-1"]
[WhiteElo "1823"]
[BlackElo "2300"]
[PlyCount "79"]
[EventDate "2016.10.15"]
[EventType "swiss"]
[EventRounds "9"]
[EventCountry "RUS"]
[SourceTitle "CBM 175 Extra"]
[Source "ChessBase"]
[SourceDate "2016.12.12"]
[SourceVersion "1"]
[SourceVersionDate "2016.12.12"]
[SourceQuality "1"]

1. d4 d6 2. c4 e5 3. dxe5 dxe5 4. Qxd8+ Kxd8 5. Nf3 f6 6. e4 Bb4+ 7. Bd2 Nc6 8. Nc3 Bg4 9. a3 Bxf3 10. gxf3 Nd4 11. 0-0-0 Bxc3 12. Bxc3 c5 13. f4 Nh6 14. fxe5 fxe5 15. Rg1 g6 16. f4 Ke7 17. fxe5 Rad8 18. Bxd4 Rxd4 19. Rxd4 cxd4 20. Bh3 Nf7 21. e6 Ne5 22. Rd1 Rd8 23. c5 Rc8 24. b4 b6 25. Rxd4 bxc5 26. bxc5 Rxc5+ 27. Kb2 h5 28. Rd5 Rxd5 29. exd5 Nf3 30. Kc2 g5 31. Kd3 g4 32. Bf1 Nxh2 33. Be2 g3 34. Ke3 h4 35. a4 a5 36. Bb5 h3 37. Be2 Kd6 38. Bb5 Ng4+ 39. Kf3 g2 40. Kxg4 0-1